00859nam a22002297a 4500999001700000003000900017008004100026040007100067082002300138100002600161245003000187260002400217300004300241440002900284505009800313650002900411650002200440650002800462942001600490945002000506952010300526 c13841d13841AR-CdUCM190416b ||||| |||| 00| 0 spa d aMUNICIPALIDAD PROVINCIAL DEL CUSCOcBIBLIOTECA MUNICIPAL DEL CUSCO aC / 985.614 /bF98 aGuzman Palomino, Luis aLos incas de Vilcabamba / bBiblioteca Popular, a22 páginas ;bfotografías.c21 cm. aSerie historian6932407 aÚltimos incas de la resistencia -- Sayri Tupac Inca -- Titu Cusi Yupamqui -- Tupac Amaru... aResistencia Inca.932408 aVilcabamba.91752 aÚltimos incas.932409 2ddccLIBROS awfjd2019-04-16 002ddc4070aSCAbSCAcCARTd2019-04-16g60.00oC / 985.614 / F98pSCA0003066r2019-04-16yLIBROS